000 00565cam a22001817a 4500
008 180718b2000 xxu||||| |||| 00| 0 eng d
020 _a9521205938
082 _aC41 Or5
245 _aJurisprudence of human rights law: a comparative interpretive approach
_cedited by Theodore S. Orlin, Allan Rosas and Martin Scheinin
260 _aTurku
_bInstitute for Human Rights
_c2000
300 _a323p.
650 _aHuman rights
650 _aLaw
650 _aComparative law
700 _aScheinin, Martin
700 _aRosas, Allan
700 _aOrlin, Theodore S.
999 _c396204
_d396204